Szczegóły MARC21

Euro : świat, Europa, Polska /

003 -Nazwa inst., której nr kontr. jest w polu 001 [,]
    • @
    • Nazwa instytucji, której n kontrolny jest w polu 001
    • NUKAT
005 -DATA I CZAS OSTATNIEJ MODYFIKACJI [,]
    • @
    • pole kontrolne
    • 20241231085400.0
020 -Międzynarod. znormalizowany nr książki - ISBN [ , ]
    • a
    • Numer ISBN
    • 8387885223 Find
040 -Instytucja sporządzająca opis [ , ]
    • a
    • Instytucja, która sporządziła opis (NP)
    • KR 93/DK
    • c
    • Instytucja, która sporządziła rekord (NP)
    • KR 93/TS
    • d
    • Instytucja, która zmodyfikowała rekord (P)
    • KR 93/ZP
    • d
    • Instytucja, która zmodyfikowała rekord (P)
    • KR 93/BJs
942 -Rodzaj dokumentu [ , ]
    • c
    • Rodzaj dokumentu
    • Książka
100 -Hasło główne - nazwa osobowa [1, ]
    • a
    • Nazwa osobowa (NP)
    • Żukowski, Paweł
    • c
    • Dopowiedzenie inne niż daty biograficzne (P)
    • (finanse).
    • 9
    • KHW
    • 548044
245 -Strefa tytułu i oznaczenia odpowiedzialności [1,0]
    • a
    • Tytuł
    • Euro : Find
    • b
    • Ciąg dalszy tytułu (NP)
    • świat, Europa, Polska / Find
    • c
    • Pozostałe elementy strefy tytułu i oznaczenia odpowiedzialności (NP)
    • Paweł Żukowski.
260 -Strefa adresu wydawniczego [ , ]
    • a
    • Miejsce wydania (P)
    • Warszawa :
    • b
    • Nazwa wydawcy (P)
    • CeDeWu,
    • c
    • Data wydania (P)
    • 2002.
300 -Strefa opisu fizycznego [ , ]
    • a
    • Określenie formy książki i/lub objętość (NP)
    • 200 s. :
    • b
    • Oznaczenie ilustracji (NP)
    • wykresy ;
    • c
    • Format (NP)
    • 20 cm.
336 -Typ zawartości [ , ]
    • a
    • Termin opisujący typ zawartości
    • Tekst
    • b
    • Kod określający zawartość
    • txt
    • 2
    • Źródło (terminu i kodu)
    • rdacontent
337 -Typ mediów [ , ]
    • a
    • Tryb odtwarzania
    • Bez urządzenia pośredniczącego
    • b
    • Kod typu mediów
    • n
    • 2
    • Źródło (terminu i kodu)
    • rdamedia
338 -Typ/rodzaj nośnika [ , ]
    • a
    • Hasło opisujące typ nośnika
    • Wolumin
    • b
    • Kod typu nośnika
    • nc
    • 2
    • Źródło (terminu i kodu)
    • rdacarrier
080 -Uniwersalna Klasyfikacja Dziesiętna [ , ]
    • a
    • Symbol klasyfikacji
    • 336.76(4-67)
080 -Uniwersalna Klasyfikacja Dziesiętna [ , ]
    • a
    • Symbol klasyfikacji
    • :336.744(4-67)
080 -Uniwersalna Klasyfikacja Dziesiętna [ , ]
    • a
    • Symbol klasyfikacji
    • :339.74(4-67)
080 -Uniwersalna Klasyfikacja Dziesiętna [ , ]
    • a
    • Symbol klasyfikacji
    • :339.923/.924(4-67)
650 -Hasło przedmiotowe [ ,7]
    • a
    • Hasło przedmiotowe
    • Euro.
    • 2
    • Źródło terminu
    • kaba
    • 9
    • KHW
    • 149658
980 -Symbol UKD [ , ]
    • a
    • UKD
    • 336.76:336.744:339.74:339.923/.924](4-67)
920 -ISBN [ , ]
    • a
    • ISBN
    • 83-87885-22-3 Find
Lokalizacja Data inwentaryzacji Numer inwentarzowy Status udost.
BE2002-11-21E.68466-2
BE2002-07-24S.90029-2
BE2002-07-24S.90030-2
BE2003-02-26S.90256-2
BG2003-12-16CDE.11471
T2002-05-13TM.1032